000 02666nam a22003855i 4500
001 24203815
005 20251009115534.0
008 250514s2025 nyu 000 0 eng
010 _a 2025938736
020 _a9780198937579
_q(paperback)
020 _z9780198937593
_q(epub)
035 _a24203815
040 _aDLC
_beng
_erda
_cDLC
042 _apcc
082 _a340.22
100 1 _aGillespie, Alisdair,
_eauthor.
245 1 4 _aThe English legal system 10e /
_cAlisdair Gillespie, Siobhan Weare.
250 _a10.
263 _a2508
264 1 _aNew York :
_bOxford University Press,
_c2025.
300 _axliii, 737 pages
_c24 cm.
336 _atext
_btxt
_2rdacontent
337 _aunmediated
_bn
_2rdamedia
338 _avolume
_bnc
_2rdacarrier
365 _bRs. 5475.00
505 _a1:The English legal system - Part I: Sources of Law: 2:Domestic sources of law: parliamentary material - 3:Domestic sources of law: case law - 4:International sources of law - 5:Human Rights Act 1998 - Part II: The Courts and the Practitioners: 6:The structure of the courts - 7:The structure of the tribunals - 8:The judiciary and their appointment - 9:Judicial independence - 10:The legal professions - 11:Funding access to justice - Part III: The Criminal Justice System: 12:The investigation of crime - 13:Pre-trial matters - 14:Those in court - 15:The trials - 16:Criminal appeals - Part IV: The Civil Justice System: 17:Civil litigation - 18:Remedies and appeals - 19:Alternative dispute resolution - Part V: The Future: 20:The future.
520 _a"The English Legal System presents the main areas of the legal system and encourages a critique of the wider aspects of how law is made and reformed. The book is structured in five parts. Part I looks at the sources of law including domestic and international sources. Part II looks at the courts and the practitioners. It considers the structure of the courts and tribunals, judges and judicial independence, the legal professions, and legal aid. Part III examines the criminal justice system. It describes issues related to lay justice, trials, and criminal appeals. The next part is about the civil justice system. It looks at civil litigation, remedies, appeals and alternative dispute resolution, as well as the funding of civil litigation. The final part looks to the future"--
_cProvided by publisher.
650 _aEnglish Legal System
650 _aSources of Law
650 _aCriminal & Civil Justice System
700 1 _aWeare, Siobhan,
_eauthor.
906 _a0
_bibc
_corignew
_d2
_eepcn
_f20
_gy-gencatlg
942 _2ddc
_cBK
999 _c213848
_d213848